[Event "TeamRussiawomen"]
[Site "?"]
[Date "2016.10.05"]
[Round "2.4"]
[White "Baraeva, Marina"]
[Black "Kovanova, Baira"]
[Result "1/2-1/2"]
[LiveChessVersion "1.4.4"]
[BlackElo "2393"]
[WhiteElo "2240"]

1. d4 {[%clk 0:15:17]} Nf6 {[%clk 0:15:20]} 2. c4 {[%clk 0:15:26]} e6
{[%clk 0:15:29]} 3. Nc3 {[%clk 0:15:34]} Bb4 {[%clk 0:15:37]} 4. Qc2
{[%clk 0:15:42]} O-O {[%clk 0:15:43]} 5. a3 {[%clk 0:15:51]} Bxc3+
{[%clk 0:15:50]} 6. Qxc3 {[%clk 0:15:59]} d6 {[%clk 0:15:42]} 7. Bg5
{[%clk 0:14:49]} Nbd7 {[%clk 0:15:46]} 8. Nf3 {[%clk 0:14:45]} h6
{[%clk 0:14:42]} 9. Bxf6 {[%clk 0:14:46]} Nxf6 {[%clk 0:14:12]} 10. e3
{[%clk 0:14:48]} b6 {[%clk 0:14:18]} 11. Be2 {[%clk 0:14:40]} Bb7
{[%clk 0:14:26]} 12. O-O {[%clk 0:14:42]} Ne4 {[%clk 0:12:10]} 13. Qc2
{[%clk 0:14:46]} f5 {[%clk 0:12:10]} 14. Nd2 {[%clk 0:12:34]} Qg5
{[%clk 0:11:19]} 15. f4 {[%clk 0:12:13]} Qe7 16. Bf3 {[%clk 0:12:14]} Nxd2
{[%clk 0:08:53]} 17. Qxd2 {[%clk 0:12:14]} Bxf3 {[%clk 0:07:35]} 18. Rxf3
{[%clk 0:12:11]} Rad8 {[%clk 0:07:28]} 19. Qc3 {[%clk 0:10:48]} Qf6
{[%clk 0:06:48]} 20. a4 {[%clk 0:10:23]} a5 {[%clk 0:05:01]} 21. Rc1
{[%clk 0:10:17]} Rfe8 {[%clk 0:04:59]} 22. Rf2 {[%clk 0:08:10]} Kh8
{[%clk 0:04:48]} 23. b3 {[%clk 0:06:01]} e5 {[%clk 0:03:38]} 24. fxe5
{[%clk 0:05:39]} dxe5 {[%clk 0:03:46]} 25. d5 {[%clk 0:05:33]} Rf8
{[%clk 0:03:13]} 26. Rcf1 {[%clk 0:05:34]} g6 {[%clk 0:03:01]} 27. g4
{[%clk 0:05:01]} Rde8 {[%clk 0:03:04]} 28. gxf5 {[%clk 0:04:24]} gxf5
{[%clk 0:03:13]} 29. Kh1 {[%clk 0:04:30]} Qh4 {[%clk 0:03:06]} 30. Qc2
{[%clk 0:04:20]} f4 {[%clk 0:01:30]} 31. exf4 {[%clk 0:02:44]} e4
{[%clk 0:01:28]} 32. Qc3+ {[%clk 0:02:35]} Kh7 {[%clk 0:01:37]} 33. Rg2
{[%clk 0:02:17]} Re7 {[%clk 0:01:42]} 34. Rfg1 {[%clk 0:01:59]} Rff7
{[%clk 0:00:35]} 35. Qg3 {[%clk 0:01:35]} Qxg3 {[%clk 0:00:34]} 36. hxg3
{[%clk 0:01:44]} Kg6 {[%clk 0:00:33]} 37. Re1 {[%clk 0:01:32]} Kf5
{[%clk 0:00:20]} 38. Re3 {[%clk 0:01:23]} Rg7 39. Rh2 {[%clk 0:01:22]} Rg6
{[%clk 0:00:27]} 40. Rh5+ {[%clk 0:01:13]} Kf6 {[%clk 0:00:30]} 41. Kg2
{[%clk 0:01:15]} Re8 {[%clk 0:00:34]} 42. Kh3 {[%clk 0:01:05]} Re7
{[%clk 0:00:42]} 43. g4 {[%clk 0:00:55]} Reg7 {[%clk 0:00:16]} 44. Rf5+
{[%clk 0:00:22]} Ke7 {[%clk 0:00:23]} 45. Rxe4+ {[%clk 0:00:30]} Kd7
{[%clk 0:00:32]} 46. Rfe5 {[%clk 0:00:20]} Rxg4 {[%clk 0:00:38]} 47. Re7+
{[%clk 0:00:23]} Kc8 {[%clk 0:00:25]} 48. Rxg7 {[%clk 0:00:28]} Rxg7 49. Re6 h5
{[%clk 0:00:30]} 50. f5 {[%clk 0:00:42]} Rg5 {[%clk 0:00:37]} 51. Rf6
{[%clk 0:00:26]} Rg4 {[%clk 0:00:43]} 52. Rh6 {[%clk 0:00:27]} Rg5
{[%clk 0:00:51]} 53. Rf6 {[%clk 0:00:19]} Rg4 {[%clk 0:00:59]} 54. Re6
{[%clk 0:00:23]} Rg5 {[%clk 0:01:08]} 55. f6 {[%clk 0:00:32]} Rf5
{[%clk 0:01:16]} 56. Kh4 {[%clk 0:00:41]} Kb7 {[%clk 0:01:05]} 57. Rc6
{[%clk 0:00:36]} Kb8 {[%clk 0:01:10]} 58. Re6 {[%clk 0:00:27]} Kc8
{[%clk 0:01:15]} 59. Re8+ {[%clk 0:00:29]} Kb7 {[%clk 0:01:13]} 60. Rf8
{[%clk 0:00:30]} Ka7 {[%clk 0:01:21]} 61. f7 {[%clk 0:00:38]} Kb7
{[%clk 0:01:29]} 62. Kh3 {[%clk 0:00:30]} Ka7 {[%clk 0:01:35]} 63. Kh4
{[%clk 0:00:32]} Kb7 {[%clk 0:01:44]} 64. Kh3 {[%clk 0:00:42]} Ka7
{[%clk 0:01:53]} 65. Kh4 {[%clk 0:00:51]} Kb7 {[%clk 0:02:02]} 66. Kg3
{[%clk 0:00:23]} Ka7 {[%clk 0:02:11]} 67. Kh4 {[%clk 0:00:29]} Kb7
{[%clk 0:02:20]} 68. Kg3 {[%clk 0:00:30]} Ka7 {[%clk 0:02:29]} 69. Kh4
{[%clk 0:00:28]} Kb7 {[%clk 0:02:37]} 70. Kh3 {[%clk 0:00:36]} Ka7
{[%clk 0:02:45]} 71. Kh4 {[%clk 0:00:32]} 1/2-1/2

[Event "TeamRussiawomen"]
[Site "?"]
[Date "2016.10.05"]
[Round "2.5"]
[White "Afanasieva, Alexandra"]
[Black "Kovalevskaya, Ekaterina"]
[Result "0-1"]
[LiveChessVersion "1.4.4"]
[BlackElo "2359"]
[WhiteElo "1843"]

1. e4 {[%clk 0:15:19]} c5 {[%clk 0:15:18]} 2. Nf3 {[%clk 0:15:28]} Nc6
{[%clk 0:15:26]} 3. Bb5 {[%clk 0:15:36]} e6 {[%clk 0:15:27]} 4. O-O
{[%clk 0:15:40]} Nge7 {[%clk 0:15:34]} 5. Re1 {[%clk 0:15:41]} a6
{[%clk 0:15:36]} 6. Bf1 {[%clk 0:15:44]} d5 {[%clk 0:15:41]} 7. exd5
{[%clk 0:15:30]} Nxd5 {[%clk 0:15:48]} 8. d4 {[%clk 0:15:24]} cxd4
{[%clk 0:15:22]} 9. Nxd4 {[%clk 0:15:25]} Bd7 {[%clk 0:14:54]} 10. c4
{[%clk 0:14:46]} Nf6 {[%clk 0:14:51]} 11. Nc3 {[%clk 0:13:41]} Be7
{[%clk 0:14:28]} 12. Be3 {[%clk 0:12:23]} O-O {[%clk 0:14:24]} 13. Nxc6
{[%clk 0:11:01]} Bxc6 {[%clk 0:14:29]} 14. Qxd8 {[%clk 0:09:45]} Rfxd8
{[%clk 0:14:07]} 15. Red1 {[%clk 0:09:09]} Nd7 {[%clk 0:10:06]} 16. Rac1
{[%clk 0:07:30]} f5 {[%clk 0:09:13]} 17. f4 {[%clk 0:03:48]} Kf7 {[%clk 0:08:42]}
18. Kf2 {[%clk 0:03:36]} Nf6 {[%clk 0:07:21]} 19. Bb6 {[%clk 0:01:50]} Rg8
{[%clk 0:07:25]} 20. h3 {[%clk 0:00:44]} g5 {[%clk 0:06:20]} 21. fxg5
{[%clk 0:00:53]} Rxg5 {[%clk 0:06:28]} 22. Re1 {[%clk 0:00:47]} Rag8
{[%clk 0:06:26]} 23. Be3 {[%clk 0:00:27]} R5g6 {[%clk 0:06:14]} 24. Ne2
{[%clk 0:00:16]} e5 {[%clk 0:05:58]} 25. Nc3 {[%clk 0:00:11]} Bxg2
{[%clk 0:05:52]} 26. Bxg2 {[%clk 0:00:13]} Rxg2+ {[%clk 0:05:59]} 27. Kf1
{[%clk 0:00:22]} Rxb2 {[%clk 0:05:59]} 28. Bf2 {[%clk 0:00:24]} e4
{[%clk 0:05:49]} 29. Rb1 {[%clk 0:00:18]} Rxf2+ {[%clk 0:03:40]} 30. Kxf2
{[%clk 0:00:26]} Bc5+ {[%clk 0:03:49]} 31. Ke2 {[%clk 0:00:14]} Rg2+
{[%clk 0:03:56]} 32. Kd1 {[%clk 0:00:20]} b6 {[%clk 0:03:53]} 33. Re2
{[%clk 0:00:18]} Rg3 {[%clk 0:03:32]} 34. Na4 {[%clk 0:00:20]} f4
{[%clk 0:03:20]} 35. Nxc5 {[%clk 0:00:23]} bxc5 {[%clk 0:03:28]} 36. Rb7+
{[%clk 0:00:22]} Kg6 {[%clk 0:03:31]} 37. Rf2 {[%clk 0:00:13]} Kf5
{[%clk 0:03:21]} 38. Rc7 {[%clk 0:00:16]} e3 {[%clk 0:03:22]} 39. Rxc5+
{[%clk 0:00:23]} Ke4 {[%clk 0:03:30]} 40. Rb2 {[%clk 0:00:14]} Rg1+
{[%clk 0:03:36]} 41. Kc2 {[%clk 0:00:21]} Rg2+ {[%clk 0:03:44]} 42. Kc3
{[%clk 0:00:26]} Rxb2 {[%clk 0:03:49]} 43. Kxb2 {[%clk 0:00:34]} e2
{[%clk 0:03:55]} 44. Rc6 {[%clk 0:00:39]} Kf5 {[%clk 0:04:01]} 45. Rc5+
{[%clk 0:00:42]} Ke6 {[%clk 0:03:50]} 46. Rc6+ {[%clk 0:00:37]} Ke7
{[%clk 0:03:53]} 47. Rc7+ {[%clk 0:00:41]} Nd7 {[%clk 0:04:00]} 0-1

[Event "TeamRussiawomen"]
[Site "?"]
[Date "2016.10.05"]
[Round "2.6"]
[White "Pustovoitova, Daria"]
[Black "Girshgorn, Maria"]
[Result "1-0"]
[LiveChessVersion "1.4.4"]
[BlackElo "1738"]
[WhiteElo "2434"]

1. d4 {[%clk 0:15:10]} d5 {[%clk 0:15:18]} 2. c4 {[%clk 0:15:26]} e6
{[%clk 0:15:25]} 3. Nf3 {[%clk 0:15:35]} c5 {[%clk 0:15:27]} 4. cxd5
{[%clk 0:15:41]} exd5 {[%clk 0:15:31]} 5. g3 {[%clk 0:15:50]} Nc6
{[%clk 0:15:35]} 6. Bg2 {[%clk 0:15:58]} Nf6 {[%clk 0:14:11]} 7. O-O
{[%clk 0:16:05]} Be7 {[%clk 0:14:19]} 8. dxc5 {[%clk 0:16:13]} Bxc5
{[%clk 0:14:26]} 9. Nc3 {[%clk 0:16:22]} h6 {[%clk 0:14:30]} 10. a3
{[%clk 0:16:27]} a5 {[%clk 0:14:27]} 11. b3 {[%clk 0:16:05]} O-O {[%clk 0:14:25]}
12. Bb2 {[%clk 0:16:13]} Be6 {[%clk 0:13:46]} 13. Na4 {[%clk 0:16:16]} Be7
{[%clk 0:13:20]} 14. Rc1 {[%clk 0:15:54]} Ne4 {[%clk 0:12:11]} 15. Nd2
{[%clk 0:15:36]} Nxd2 {[%clk 0:11:59]} 16. Qxd2 {[%clk 0:15:43]} Bf6
{[%clk 0:11:28]} 17. Nc5 {[%clk 0:07:41]} Bxb2 {[%clk 0:10:58]} 18. Qxb2
{[%clk 0:07:48]} Qe7 {[%clk 0:10:36]} 19. Rfd1 {[%clk 0:07:41]} Rfd8
{[%clk 0:10:35]} 20. Rd2 {[%clk 0:07:45]} b6 {[%clk 0:09:33]} 21. Na4
{[%clk 0:07:22]} Qc7 {[%clk 0:04:43]} 22. Rdc2 {[%clk 0:07:03]} Rd6
{[%clk 0:04:22]} 23. Nc3 {[%clk 0:06:31]} Bf5 {[%clk 0:03:01]} 24. Nb5
{[%clk 0:06:30]} Qd7 {[%clk 0:02:58]} 25. e4 {[%clk 0:06:39]} dxe4
{[%clk 0:02:51]} 26. Nxd6 {[%clk 0:06:47]} Qxd6 {[%clk 0:02:32]} 27. Rxc6
{[%clk 0:06:54]} Qd3 {[%clk 0:02:35]} 28. Qc3 {[%clk 0:06:55]} Rd8
{[%clk 0:02:34]} 29. Bf1 {[%clk 0:06:38]} 1-0

[Event "TeamRussiawomen"]
[Site "?"]
[Date "2016.10.05"]
[Round "2.7"]
[White "Vyrtosu, Natalia"]
[Black "Vasilevich, Irina"]
[Result "0-1"]
[LiveChessVersion "1.4.4"]
[BlackElo "2230"]
[WhiteElo "1640"]

1. d4 {[%clk 0:15:18]} e6 {[%clk 0:15:14]} 2. Nf3 {[%clk 0:15:13]} Nf6
{[%clk 0:15:12]} 3. Bf4 {[%clk 0:15:17]} b6 {[%clk 0:15:09]} 4. e3
{[%clk 0:15:24]} Bb7 {[%clk 0:15:17]} 5. Nbd2 {[%clk 0:15:12]} Be7
{[%clk 0:15:16]} 6. Bd3 {[%clk 0:15:14]} Nh5 {[%clk 0:14:55]} 7. Bg3
{[%clk 0:15:16]} Nxg3 {[%clk 0:14:42]} 8. hxg3 {[%clk 0:15:24]} h6
{[%clk 0:14:51]} 9. c3 {[%clk 0:15:15]} c5 {[%clk 0:14:41]} 10. Qe2
{[%clk 0:14:27]} d6 {[%clk 0:12:26]} 11. e4 {[%clk 0:13:08]} Nd7 {[%clk 0:09:46]}
12. Nh4 {[%clk 0:12:01]} cxd4 {[%clk 0:08:40]} 13. cxd4 {[%clk 0:12:06]} Rc8
{[%clk 0:08:44]} 14. f4 {[%clk 0:11:58]} Bxh4 {[%clk 0:06:06]} 15. Rxh4
{[%clk 0:11:20]} e5 {[%clk 0:06:14]} 16. dxe5 {[%clk 0:07:20]} dxe5
{[%clk 0:06:20]} 17. Qg4 {[%clk 0:04:44]} O-O {[%clk 0:06:18]} 18. Kf2
{[%clk 0:03:15]} Nc5 {[%clk 0:06:00]} 19. Rxh6 {[%clk 0:02:49]} Qd4+
{[%clk 0:05:33]} 20. Ke2 {[%clk 0:02:23]} Qxd3+ {[%clk 0:05:38]} 21. Ke1
{[%clk 0:02:29]} Nxe4 {[%clk 0:05:34]} 22. Nxe4 Qxe4+ {[%clk 0:05:40]} 23. Kf1
{[%clk 0:02:10]} Qxg2+ {[%clk 0:05:42]} 24. Ke1 {[%clk 0:02:18]} Qg1+
{[%clk 0:04:46]} 25. Ke2 {[%clk 0:02:20]} Ba6+ {[%clk 0:04:53]} 26. Kf3
{[%clk 0:02:14]} e4+ {[%clk 0:05:01]} 27. Kxe4 {[%clk 0:02:23]} Rfe8+
{[%clk 0:05:01]} 28. Kf5 {[%clk 0:02:18]} Rc5# {[%clk 0:05:01]} 0-1

[Event "TeamRussiawomen"]
[Site "?"]
[Date "2016.10.05"]
[Round "2.8"]
[White "Gvanceladze, Anna"]
[Black "Bondareva, Daria"]
[Result "1-0"]
[LiveChessVersion "1.4.4"]
[BlackElo "1734"]
[WhiteElo "2140"]

1. d4 {[%clk 0:15:17]} e6 {[%clk 0:15:18]} 2. Nf3 {[%clk 0:15:23]} b6
{[%clk 0:15:27]} 3. Bf4 {[%clk 0:15:21]} Bb7 {[%clk 0:15:12]} 4. e3
{[%clk 0:15:28]} d6 {[%clk 0:15:18]} 5. h3 {[%clk 0:15:32]} Ne7 {[%clk 0:15:11]}
6. Be2 {[%clk 0:15:36]} Nd7 {[%clk 0:15:05]} 7. a4 {[%clk 0:15:39]} a6
{[%clk 4:05:54]} 8. Nbd2 {[%clk 0:15:40]} g6 {[%clk 0:14:17]} 9. c3
{[%clk 0:15:40]} Bg7 {[%clk 0:14:25]} 10. O-O {[%clk 0:15:46]} O-O
{[%clk 0:14:33]} 11. Bh2 {[%clk 0:15:14]} Nf6 {[%clk 0:13:42]} 12. Qb1
{[%clk 0:15:03]} Nd7 {[%clk 0:13:01]} 13. b4 {[%clk 0:14:13]} h6 {[%clk 0:12:39]}
14. Qb3 {[%clk 0:14:10]} Kh7 {[%clk 0:12:07]} 15. Rfc1 {[%clk 0:14:13]} Ng8
{[%clk 0:11:26]} 16. c4 {[%clk 0:13:01]} e5 {[%clk 4:04:13]} 17. a5
{[%clk 0:12:44]} e4 {[%clk 0:06:41]} 18. Ne1 {[%clk 0:12:51]} Qe7
{[%clk 0:06:24]} 19. axb6 {[%clk 0:12:21]} cxb6 {[%clk 0:06:33]} 20. c5
{[%clk 0:11:52]} bxc5 {[%clk 0:05:49]} 21. bxc5 {[%clk 0:11:58]} Nxc5
{[%clk 0:05:48]} 22. dxc5 {[%clk 0:12:01]} Bxa1 {[%clk 0:03:41]} 23. Bxd6
{[%clk 0:11:42]} Qd7 {[%clk 0:03:50]} 1-0

[Event "TeamRussiawomen"]
[Site "?"]
[Date "2016.10.05"]
[Round "2.9"]
[White "Vasilevich, Tatjana"]
[Black "Bodnaruk, Anastasia"]
[Result "0-1"]
[LiveChessVersion "1.4.4"]
[BlackElo "2487"]
[WhiteElo "2400"]

1. d4 {[%clk 0:15:19]} Nf6 {[%clk 0:15:19]} 2. c4 {[%clk 0:15:28]} g6
{[%clk 0:15:29]} 3. Nc3 {[%clk 0:15:36]} Bg7 {[%clk 0:15:38]} 4. e4
{[%clk 0:15:45]} d6 {[%clk 0:15:47]} 5. f3 {[%clk 0:15:54]} O-O {[%clk 0:15:55]}
6. Nge2 {[%clk 0:16:02]} c5 {[%clk 0:15:58]} 7. d5 {[%clk 0:16:09]} e6
{[%clk 0:15:56]} 8. Ng3 {[%clk 0:16:17]} exd5 {[%clk 0:15:57]} 9. cxd5
{[%clk 0:16:26]} a6 {[%clk 0:15:54]} 10. a4 {[%clk 0:16:35]} h5 {[%clk 0:15:44]}
11. Bg5 {[%clk 0:16:31]} Qe8 {[%clk 0:15:30]} 12. Bd3 {[%clk 0:14:44]} Nbd7
{[%clk 0:15:14]} 13. O-O {[%clk 0:14:41]} Nh7 {[%clk 0:15:14]} 14. Be3
{[%clk 0:14:40]} h4 {[%clk 0:15:09]} 15. Nh1 {[%clk 0:14:21]} f5 {[%clk 0:14:47]}
16. Qd2 {[%clk 0:14:19]} Ne5 {[%clk 0:14:40]} 17. Be2 {[%clk 0:14:01]} h3
{[%clk 0:14:48]} 18. g3 {[%clk 0:13:55]} fxe4 {[%clk 0:13:07]} 19. Nxe4
{[%clk 0:13:12]} Ng4 {[%clk 0:13:13]} 20. Bf4 {[%clk 0:12:29]} Bd4+
{[%clk 0:12:40]} 21. Nhf2 {[%clk 0:12:38]} Nxf2 {[%clk 0:12:17]} 22. Rxf2
{[%clk 0:11:43]} Rxf4 {[%clk 0:09:52]} 23. Qxf4 {[%clk 0:11:27]} Bf5
{[%clk 0:09:36]} 24. Bd3 {[%clk 0:10:59]} Qe7 {[%clk 0:07:33]} 25. g4
{[%clk 0:07:59]} Bxe4 {[%clk 0:05:42]} 26. Qxe4 {[%clk 0:07:17]} Qxe4
{[%clk 0:05:51]} 27. Bxe4 {[%clk 0:07:23]} Ng5 {[%clk 0:05:22]} 28. Kf1
{[%clk 0:07:26]} Rf8 {[%clk 0:04:51]} 29. Re1 {[%clk 0:04:47]} Rf4
{[%clk 0:04:33]} 30. Rc2 {[%clk 0:02:49]} Nxf3 {[%clk 0:04:00]} 31. Bxf3
{[%clk 0:02:56]} Rxf3+ {[%clk 0:04:09]} 32. Ke2 {[%clk 0:03:05]} Rb3
{[%clk 0:02:35]} 33. Kd2 {[%clk 0:02:41]} b5 {[%clk 0:02:09]} 34. axb5
{[%clk 0:02:23]} axb5 {[%clk 0:02:18]} 35. Kc1 {[%clk 0:02:05]} Be5
{[%clk 0:01:12]} 36. Rxe5 {[%clk 0:00:47]} dxe5 {[%clk 0:01:21]} 37. Rxc5
{[%clk 0:00:56]} Kf7 {[%clk 0:01:31]} 38. d6 {[%clk 0:00:38]} Ke6
{[%clk 0:01:28]} 39. d7 {[%clk 0:00:44]} Rd3 {[%clk 0:01:00]} 40. Rxb5
{[%clk 0:00:42]} Rxd7 {[%clk 0:01:08]} 41. Rb6+ {[%clk 0:00:44]} Kd5
{[%clk 0:01:17]} 42. Rxg6 {[%clk 0:00:49]} Rf7 {[%clk 0:01:14]} 43. Rh6
{[%clk 0:00:46]} Rf1+ {[%clk 0:01:23]} 44. Kc2 {[%clk 0:00:56]} Rf2+
{[%clk 0:01:32]} 45. Kc3 {[%clk 0:01:05]} Rxh2 {[%clk 0:01:41]} 46. g5
{[%clk 0:01:04]} Rh1 {[%clk 0:01:23]} 47. g6 {[%clk 0:00:47]} Ke6
{[%clk 0:00:56]} 48. g7+ {[%clk 0:00:19]} Kf7 {[%clk 0:01:06]} 49. Kb4
{[%clk 0:00:18]} h2 {[%clk 0:00:46]} 50. g8=Q+ {[%clk 0:00:14]} Kxg8
{[%clk 0:00:56]} 51. Kb5 {[%clk 0:00:20]} e4 {[%clk 0:00:49]} 52. Rh3
{[%clk 0:00:26]} Kf7 {[%clk 0:00:38]} 53. b4 {[%clk 0:00:32]} Ke6
{[%clk 0:00:41]} 54. Kb6 {[%clk 0:00:40]} Kd5 {[%clk 0:00:38]} 55. b5
{[%clk 0:00:48]} Kd4 {[%clk 0:00:45]} 56. Kb7 {[%clk 0:00:52]} e3
{[%clk 0:00:42]} 57. Rh7 {[%clk 0:00:55]} e2 {[%clk 0:00:47]} 0-1

[Event "TeamRussiawomen"]
[Site "?"]
[Date "2016.10.05"]
[Round "2.10"]
[White "Ovod, Evgenija"]
[Black "Gritsayeva, Oksana"]
[Result "0-1"]
[LiveChessVersion "1.4.4"]
[BlackElo "2330"]
[WhiteElo "2243"]

1. d4 {[%clk 0:15:19]} g6 {[%clk 0:15:20]} 2. e4 {[%clk 0:15:27]} Bg7
{[%clk 0:15:28]} 3. c3 {[%clk 0:15:33]} d6 {[%clk 0:15:22]} 4. Bd3
{[%clk 0:15:35]} c5 {[%clk 0:15:11]} 5. Nf3 {[%clk 0:15:25]} Nf6 {[%clk 0:14:33]}
6. O-O {[%clk 0:15:31]} O-O {[%clk 0:14:42]} 7. Re1 {[%clk 0:15:19]} Nc6
{[%clk 0:14:34]} 8. d5 {[%clk 0:14:51]} Nb8 {[%clk 0:14:42]} 9. c4
{[%clk 0:14:55]} Bg4 {[%clk 0:14:37]} 10. Nbd2 {[%clk 0:14:39]} Na6
{[%clk 0:14:04]} 11. h3 {[%clk 0:14:37]} Bxf3 {[%clk 0:13:59]} 12. Nxf3
{[%clk 0:14:45]} Nd7 {[%clk 0:14:07]} 13. Bf1 {[%clk 0:13:50]} Nc7
{[%clk 0:14:04]} 14. a4 {[%clk 0:13:26]} a6 {[%clk 0:14:03]} 15. a5
{[%clk 0:13:03]} Rb8 {[%clk 0:13:50]} 16. Qc2 {[%clk 0:10:30]} b5
{[%clk 0:13:44]} 17. axb6 {[%clk 0:10:39]} Rxb6 {[%clk 0:13:52]} 18. Ra2
{[%clk 0:10:46]} Qb8 {[%clk 0:13:28]} 19. Re2 {[%clk 0:09:41]} Re8
{[%clk 0:13:07]} 20. Ne1 {[%clk 0:08:30]} e6 {[%clk 0:11:56]} 21. Nd3
{[%clk 0:06:47]} exd5 {[%clk 0:11:09]} 22. exd5 {[%clk 0:06:44]} Rxe2
{[%clk 0:10:40]} 23. Bxe2 {[%clk 0:06:27]} Ne5 {[%clk 0:10:38]} 24. Ne1
{[%clk 0:05:12]} Nd7 {[%clk 0:09:39]} 25. f4 {[%clk 0:04:37]} Ne8
{[%clk 0:09:15]} 26. Nd3 {[%clk 0:04:38]} Bd4+ {[%clk 0:09:12]} 27. Kh2
{[%clk 0:04:45]} Ng7 {[%clk 0:09:14]} 28. g4 {[%clk 0:04:39]} Qe8
{[%clk 0:08:53]} 29. Bf3 {[%clk 0:04:20]} Nf6 {[%clk 0:08:14]} 30. Bd2
{[%clk 0:02:20]} h5 {[%clk 0:08:02]} 31. b4 {[%clk 0:01:50]} hxg4
{[%clk 0:08:01]} 32. hxg4 {[%clk 0:01:59]} Qe7 {[%clk 0:07:59]} 33. bxc5
{[%clk 0:01:54]} dxc5 {[%clk 0:08:06]} 34. Kg3 {[%clk 0:01:56]} Ne4+
{[%clk 0:08:03]} 35. Bxe4 {[%clk 0:01:39]} Qxe4 {[%clk 0:08:12]} 36. Ne5
{[%clk 0:00:31]} Qe2 {[%clk 0:07:37]} 37. Ba5 {[%clk 0:00:17]} Qe3+
{[%clk 0:07:09]} 38. Nf3 {[%clk 0:00:25]} Rb3 {[%clk 0:07:04]} 39. Qg2
{[%clk 0:00:15]} Qd3 {[%clk 0:04:17]} 40. Qe2 {[%clk 0:00:19]} Qb1
{[%clk 0:03:59]} 41. Kg2 {[%clk 0:00:24]} Re3 {[%clk 0:03:55]} 42. Qc2
{[%clk 0:00:25]} Qb8 {[%clk 0:03:39]} 43. Nxd4 {[%clk 0:00:17]} Qxf4
{[%clk 0:03:09]} 44. Ne2 {[%clk 0:00:24]} Qf3+ {[%clk 0:02:54]} 45. Kg1
{[%clk 0:00:24]} Re4 {[%clk 0:02:57]} 46. Be1 {[%clk 0:00:21]} Rxg4+
{[%clk 0:03:01]} 47. Ng3 {[%clk 0:00:27]} Qe3+ {[%clk 0:02:12]} 48. Kf1
{[%clk 0:00:35]} Nf5 {[%clk 0:02:04]} 49. Rxa6 {[%clk 0:00:22]} Qf3+
{[%clk 0:01:48]} 50. Kg1 {[%clk 0:00:22]} Nxg3 {[%clk 0:01:43]} 51. Ra8+
{[%clk 0:00:31]} Kh7 {[%clk 0:01:45]} 52. Rh8+ {[%clk 0:00:11]} Kxh8
{[%clk 0:01:45]} 53. Qc3+ {[%clk 0:00:20]} Qxc3 {[%clk 0:01:49]} 54. Bxc3+
{[%clk 0:00:28]} Kg8 {[%clk 0:01:53]} 55. Kg2 {[%clk 0:00:18]} Ne4+
{[%clk 0:01:56]} 56. Kf3 {[%clk 0:00:25]} f5 {[%clk 0:02:04]} 0-1

[Event "TeamRussiawomen"]
[Site "?"]
[Date "2016.10.05"]
[Round "2.11"]
[White "Ruchieva, Natalia"]
[Black "Travkina, Anastasia"]
[Result "1/2-1/2"]
[LiveChessVersion "1.4.4"]
[BlackElo "2237"]
[WhiteElo "2247"]

1. e4 {[%clk 0:15:17]} e5 {[%clk 0:15:19]} 2. Nf3 {[%clk 0:15:25]} Nc6
{[%clk 0:15:28]} 3. Nc3 {[%clk 0:15:32]} g6 {[%clk 0:15:33]} 4. d4
{[%clk 0:15:31]} exd4 {[%clk 0:15:39]} 5. Nxd4 {[%clk 0:15:39]} Bg7
{[%clk 0:15:45]} 6. Nxc6 {[%clk 0:14:29]} bxc6 {[%clk 0:15:46]} 7. Bc4
{[%clk 0:14:13]} Ne7 {[%clk 0:15:14]} 8. Be3 {[%clk 0:12:13]} O-O
{[%clk 0:13:43]} 9. O-O {[%clk 0:10:20]} Bb7 {[%clk 0:12:33]} 10. Bd4
{[%clk 0:09:49]} Bxd4 {[%clk 0:11:51]} 11. Qxd4 {[%clk 0:09:57]} d5
{[%clk 0:11:47]} 12. Bb3 {[%clk 0:08:49]} Qd6 {[%clk 0:07:52]} 13. Na4
{[%clk 0:08:46]} dxe4 {[%clk 0:06:58]} 14. Qxe4 {[%clk 0:08:46]} Nd5
{[%clk 0:06:26]} 15. Rad1 {[%clk 0:07:37]} Qf6 {[%clk 0:05:30]} 16. Nc5
{[%clk 0:06:36]} Bc8 {[%clk 0:05:26]} 17. Qd4 {[%clk 0:04:33]} Qxd4
{[%clk 0:04:09]} 18. Rxd4 {[%clk 0:04:42]} Re8 {[%clk 0:04:01]} 19. Bxd5
{[%clk 0:02:55]} cxd5 {[%clk 0:04:09]} 20. Rxd5 {[%clk 0:02:50]} Bf5
{[%clk 0:04:16]} 21. c3 {[%clk 0:01:51]} Re2 {[%clk 0:04:15]} 22. b4
{[%clk 0:01:24]} Rxa2 {[%clk 0:03:18]} 23. h3 {[%clk 0:01:31]} h5
{[%clk 0:03:23]} 24. Rfd1 {[%clk 0:01:05]} Rc2 {[%clk 0:02:48]} 25. Rd8+
{[%clk 0:01:13]} Rxd8 {[%clk 0:02:57]} 26. Rxd8+ {[%clk 0:01:22]} Kg7
{[%clk 0:03:05]} 27. Ra8 {[%clk 0:01:13]} Rc1+ {[%clk 0:02:38]} 28. Kh2
{[%clk 0:01:22]} Rxc3 {[%clk 0:02:46]} 29. Rxa7 {[%clk 0:01:29]} Rc4
{[%clk 0:02:46]} 30. Rxc7 {[%clk 0:01:35]} Rxb4 {[%clk 0:02:52]} 1/2-1/2